000 00382nam a2200133Ia 4500
008 220217s9999||||xx |||||||||||||| ||und||
020 _a0-256-19787-3
082 _a621.382 VAR
100 _aVargo, John Hunt, Ray
_93248
245 0 _aTelecommunication in busines :strategy and application
260 _aIrwin
_bChicago
_c1996
300 _b3225
650 _aTELECOMMUNICATION
999 _c171247
_d171247